000
00310nam a2200121Ia 4500
008
210430s9999 xx 000 0 und d
020
_a
978-969-8893-06-4
082
_a
K451C 595.726
100
_a
Shahzad Ali Khan
_9
9268
245
_a
Cricket Milestones
_c
Shahzad Ali Khan
300
_a
100
942
_c
BK
_2
ddc
999
_c
565344
_d
565344